Účtovné zobrazenie a vykazovanie pohľadávok a záväzkov voči spoločníkom bakalárska práca

Enregistré dans:
Détails bibliographiques
Auteur principal: Škutová, Ivana
Collectivité auteur: Fakulta hospodárskej informatiky EU. Katedra účtovníctva a audítorstva
Autres auteurs: Ondrušová, Lucia, 1981-
Format: Livre
Langue:slovaque
Publié: Bratislava 2024
Tags: Ajouter un tag
Pas de tags, Soyez le premier à ajouter un tag!

MARC

LEADER 00000nbm a2200000 4500
001 0304125
005 20250131121031.6
041 0 |a slo 
044 |a SK 
245 1 0 |a Účtovné zobrazenie a vykazovanie pohľadávok a záväzkov voči spoločníkom  |b bakalárska práca  |c Ivana Škutová ; školiteľ: Lucia Ondrušová 
264 1 |a Bratislava  |c 2024 
300 |a 51 s. 
100 1 |a Škutová, Ivana 
700 1 |a Ondrušová, Lucia, 1981- 
710 2 |a Fakulta hospodárskej informatiky EU. Katedra účtovníctva a audítorstva